| 000 | 00958 a2200265 4500 | ||
|---|---|---|---|
| 003 | CBULib | ||
| 005 | 20260417080946.0 | ||
| 008 | 260417b |||||||| |||| 00| 0 eng d | ||
| 020 | _a9789171264381 | ||
| 040 |
_aCBULib _bEnglish _cCBULib _erda |
||
| 050 | _aGB 501.2 Gru | ||
| 100 |
_aGrundsten, Claes _95416 |
||
| 245 |
_aSwedish wilderness : the mountain world of Dag Hammarskjöld _c/ photographs by Claes Grundsten |
||
| 260 |
_bMax Ström, _c[2017] _aStockholm : |
||
| 300 | _a191 pages : illustrations | ||
| 336 |
_2rdacontent _aText | _btxt |
||
| 337 |
_2rdamedia _aUnmediated | _bn |
||
| 338 |
_2rdacarrier _aVolume _bnc |
||
| 500 | _aThis is new edition of Dag Hammarskjöld's Swedish Wilderness, that was first published in 2007, now in a more convenient format. | ||
| 504 | _aIncludes index (pages 190-191). | ||
| 600 | 0 |
_95417 _aDAG HAMMARSKJÖLD |
|
| 650 | 0 |
_95418 _aMOUNTAINS (SAO) |
|
| 650 | 0 |
_95419 _aSWEDEN _zLAPLAND |
|
| 942 |
_2lcc _c002 |
||
| 999 |
_c86688 _d86688 |
||